Teorías y práctica de la enseñanza programada (Record no. 121928)

MARC details
000 -LEADER
campo de control de longitud fija 00561nam a2200169 4500
001 - NÚMERO DE CONTROL
campo de control 121928
003 - IDENTIFICADOR DE NÚMERO DE CONTROL
campo de control ES-MaACL
005 - FECHA Y HORA DE LA ÚLTIMA TRANSACCIÓN
campo de control 20230906191852.0
007 - CAMPO FIJO DE DESCRIPCIÓN FÍSICA--INFORMACIÓN GENERAL
campo de control de longitud fija t|
008 - DATOS DE LONGITUD FIJA--INFORMACIÓN GENERAL
campo de control de longitud fija 070214s1973 sp r ||||1| spa d
100 1# - ENTRADA PRINCIPAL--NOMBRE DE PERSONA
Nombre de persona Pocztar, Jerry.
9 (RLIN) 92708
245 10 - MENCIÓN DEL TÍTULO
Título Teorías y práctica de la enseñanza programada
Resto del título : guía para uso de educadores /
Mención de responsabilidad, etc. Jerry Pocztar ; traducción: Juan L. Bestard.
260 ## - PUBLICACIÓN, DISTRIBUCIÓN, ETC.
Lugar de publicación, distribución, etc. Barcelona :
Nombre del editor, distribuidor, etc. Teide,
Fecha de publicación, distribución, etc. 1973.
300 ## - DESCRIPCIÓN FÍSICA
Extensión 203 p., 1 lám. :
Otras características físicas il. ;
Dimensiones 22 cm.
700 1# - ENTRADA AGREGADA--NOMBRE PERSONAL
Nombre de persona Bestard, Juan L.
9 (RLIN) 28617
852 ## - LOCALIZACIÓN
Ubicación ES-MaACL
Número de control de estantería C-55113
Sublocalización o colección R.87799
Holdings
Estatus retirado Estado de pérdida Estado de daño No para préstamo Biblioteca de origen Biblioteca actual Ubicación en estantería Fecha de adquisición Fuente de adquisición Total de préstamos Signatura topográfica completa Código de barras Visto por última vez Precio de reemplazo Tipo de ítem Koha
        Biblioteca del Ateneo de Madrid Biblioteca del Ateneo de Madrid Depósito 2 17/01/2008     C-55113 1127064 23/02/2023 23/02/2023 Libro impreso